Home Print Resources E-Books E-Journals IIMT Lecture Series Library Membership Form Book Recommendation Form Campus Tour Take AdmissionAbout Us Contact Us

ORGANIZATION BEHAVIOUR (Record no. 7899)

000 -LEADER
fixed length control field 00305nam a2200133Ia 4500
003 - CONTROL NUMBER IDENTIFIER
control field OSt
005 - DATE AND TIME OF LATEST TRANSACTION
control field 20230726111444.0
008 - FIXED-LENGTH DATA ELEMENTS--GENERAL INFORMATION
fixed length control field 170524s9999 xx 000 0 und d
040 ## - CATALOGING SOURCE
Transcribing agency IIMT UNIVERSITY
100 ## - MAIN ENTRY--PERSONAL NAME
Personal name MISHRA- MN
245 #0 - TITLE STATEMENT
Title ORGANIZATION BEHAVIOUR
260 ## - PUBLICATION, DISTRIBUTION, ETC.
Name of publisher, distributor, etc. VIKAS PUB.HOUSE
942 ## - ADDED ENTRY ELEMENTS (KOHA)
Source of classification or shelving scheme
Koha item type Book Bank
Holdings
Withdrawn status Lost status Source of classification or shelving scheme Damaged status Not for loan Home library Current library Date acquired Barcode Date last seen Price effective from Koha item type Total Checkouts
          IIMT University Central Library Meerut IIMT University Central Library Meerut 05/31/2017 01-B-84972 05/31/2017 05/31/2017 Reference Book  
          IIMT University Central Library Meerut IIMT University Central Library Meerut 05/31/2017 01-B-84973 05/31/2017 05/31/2017 Book Bank  
IIMT, Central Library. All Rights Reserved IIMT,UNIVERSITY © 2023
Implemented and Customised by I CLOUDE EMS
You Are OPAC Visitor No
free web counter

Powered by Koha